00245nam a2200085Ia 450000100070000000500170000700800410002424500680006526000260013364444720250826153605.0250824s9999 xx 000 0 und d 0aAteş Hakkında Hemen Hemen Her ŞeycBob Harvey, Felicia Law bTÜBİTAK YAYINLARI